Normal view
MARC view
- العمارة الإسلامة-مسجد القبة في المدينة المنورة والهفوف-أثار-مساجد
Entry Topical Term
001 - CONTROL NUMBER
- control field: 9613
003 - CONTROL NUMBER IDENTIFIER
- control field: JO-AjAnu
005 - DATE AND TIME OF LATEST TRANSACTION
- control field: 20230606071839.0
008 - FIXED-LENGTH DATA ELEMENTS
- fixed length control field: 230606|| aca||aabn | a|a d
040 ## - CATALOGING SOURCE
- Original cataloging agency: JO-AjAnu
- Transcribing agency: JO-AjAnu
150 ## - HEADING--TOPICAL TERM
- Topical term or geographic name entry element: العمارة الإسلامة-مسجد القبة في المدينة المنورة والهفوف-أثار-مساجد
670 ## - SOURCE DATA FOUND
- Source citation: Work cat.: (JO-AjAnu)4958: الحداد إسماعيل,محمد حمزة تأليف, author 9612, طراز المسجد القبة في المدينة المنورة والهفوف :دراسة تحليلية مقارنة للتخطيط وأصوله وتطورة في العمارة الاسلامية، ج2 (الكتاب الاول)